| 000 | 00869nmm a2200277 a 4500 | ||
|---|---|---|---|
| 001 | ocm000621525 | ||
| 003 | TR-IsHL | ||
| 005 | 20201028132157.0 | ||
| 008 | 131030s2009 tu tur | ||
| 007 | cr cn | ||
| 020 | _a9786055610005 | ||
| 035 |
_a621525 _b(N$T) |
||
| 050 | 0 | 4 |
_aPL248.Ö93 _bB5 2009 |
| 090 | 0 | 4 |
_aPL248.Ö93 _bB5 2009 |
| 100 | 1 | _aÖzbay, Adem | |
| 245 | 1 | 0 |
_aBilgelik öyküleri _h[electronic resource] / _cAdem Özbay ; ed. Özlem Kocukeli |
| 260 |
_aİstanbul : _bAkis Kitap, _c2009 |
||
| 300 | _a72 p. | ||
| 650 | 4 | _aDil ve Edebiyat | |
| 650 | 4 | _aLanguage and Literature | |
| 650 | 0 | _aTürk hikayeleri | |
| 650 | 0 | _aTurkish stories | |
| 650 | 7 |
_aLITERARY COLLECTIONS / Middle Eastern _2bisacsh |
|
| 700 | 1 | _aKocukeli, Özlem | |
| 856 | 4 | 0 | _uhttp://search.ebscohost.com/login.aspx?direct=true&scope=site&db=e011xww&AN=621525 |
| 999 |
_c4954 _d4954 |
||